00530cam a22001457a 4500008004000000082001700040100002800057245010300085260003800188300000900226650002200235700002100257999001900278952008700297180718b1956 xxu||||| |||| 00| 0 eng d aI548x54 Sh86 aShridharani, Krishnalal aThe journalist in India: a study of the press corpscby Krishnalal Shridharani and Prakash C. Jain aCalcuttabPatrika Syndicatec1956 a40p. aJournalists India aJain, Prakash C. c440696d440696 00104070aIIPAbIIPAd2010-05-25oI548x54 Sh86p6713r2018-07-21w2018-07-21yBK